Quiz geral sobre países - Statistics

Estatísticas Gerais
  • Esse quiz foi jogado 192 vezes
  • A pontuação média é 9 de 15
Estatísticas das Respostas
Questão Resposta % Correto
Qual dessas cidades tem menos de 1 milhão de habitantes? Marselha(França)
90%
Qual é o MAIOR e MENOR país do Mundo? Russia e Vaticano
87%
Qual País esta localizado no Oriente Médio? Iraque
84%
Desses qual o maior Exportador Mundial? China
81%
Qual a Capital da Indonésia? Jacarta
77%
Qual desses países não é Insular? Djibouti
74%
Onde esta Localizado o complexo Chicén Itza México
68%
Desses países Europeus, qual faz fronteira com o continente Africano? Espanha
65%
Onde se Localiza o Maior Aeroporto do Brasil? Aeroporto de Guarulhos – SP
61%
Quando foi descoberta A Austrália 1770
45%
Qual desses países faz fronteira com o Mar Vermelho? Iêmen
45%
Onde fica a maior Hidrelétrica do Mundo? China
42%
Qual desses países ficam localizados na Linha do Equador? Brasil, Kiribati e Somália
39%
Desses países qual foi classificados como uma das piores bandeiras Nacional? Brasil
26%
Qual país não faz parte da UE(União Europeia)? Noruega
26%
Nenhum quiz correspondente encontrado
Distribuição das Pontuações
Porcentagem de Pessoas com Cada Pontuação
Percentil de Números Respondidos
Sua Pontuação Histórica
Você não jogou esse quiz